Celebrate: a year of festivities for families and friends

Сохранить в:
Библиографические подробности
Главный автор: Middleton, Pippa (autora)
Формат:
Язык:английский
Опубликовано: Nueva York Viking 2012
Редактирование:1a. ed
Предметы:
Метки: Добавить метку
Нет меток, Требуется 1-ая метка записи!

MARC

LEADER 00000cam a2200000 a 4500
001 UCF8409
003 CL-VaPUC
008 130829e20120000us |||||||||||||||||eng|d
020 |a 9780670026357 
082 0 4 |a 790  |b MID  |2 21 
100 |a Middleton, Pippa  |e autora  |9 570474 
245 1 0 |a Celebrate: a year of festivities for families and friends 
250 |a 1a. ed 
300 |a 399 p 
942 |c BK 
945 |d 20130829 16:45:00  |a dcastane 
260 |a Nueva York  |b Viking  |c 2012 
650 7 |a FIESTAS TRADICIONALES  |2 CL-VaPUC  |9 476801 
650 7 |a FESTIVIDADES  |2 CL-VaPUC  |9 349920 
650 0 |a Cocina   |9 328037 
650 7 |a COCINA INTERNACIONAL  |2 CL-VaPUC  |9 560691 
650 0 |a Gastronomía  |9 324668 
583 |a last modification  |c 20130829 16:45:00  |k Rodrigo Vera 
999 |c 352981  |d 352979 
952 |0 0  |1 0  |3 erd  |4 0  |6 790_000000000000000_MID_2012  |7 0  |8 C  |9 457788  |a BIBCUR  |b BIBCUR  |d 2019-11-23  |i 5000947  |o 790 MID 2012  |p 5000947  |r 2025-04-22  |w 2019-11-23  |y BK  |z Catalogado en:20130829  |k CAC